000 00660cam a2200229 4500500
005 20260405002936.0
041 _afre
042 _adc
100 1 0 _aKüntzle, Julia
_eauthor
245 0 0 _aLes damnés de l’agriculture intensive
260 _c2019.
500 _a11
690 _aAgriculture
690 _aCampagne
690 _aÉlevage
690 _aFerme
690 _aMarc Dufumier
690 _aPablo Servigne
690 _aProductivisme
786 0 _nPhilosophie magazine | 132 | 9 | 2019-09-01 | p. 13-16 | 1951-1787
856 4 1 _uhttps://shs.cairn.info/magazine-philosophie-magazine-2019-9-page-13?lang=fr&redirect-ssocas=7080
999 _c2062762
_d2062762